Dụng cụ đo điện xách tay

সংরক্ষণ করুন:
গ্রন্থ-পঞ্জীর বিবরন
প্রধান লেখক: Hoàng Thanh Chung
বিন্যাস: গ্রন্থ
ভাষা:Undetermined
প্রকাশিত: Hà Nội ĐH và THCN 1987
ট্যাগগুলো: ট্যাগ যুক্ত করুন
কোনো ট্যাগ নেই, প্রথমজন হিসাবে ট্যাগ করুন!
Thư viện lưu trữ: Trung tâm Học liệu Trường Đại học Cần Thơ
LEADER 00562nam a2200181Ia 4500
001 CTU_14135
008 210402s9999 xx 000 0 und d
020 |b Đề nghị Lưu hành không cho vào Lưu trữ 
082 |a 621.372 
082 |b Ch513 
100 |a Hoàng Thanh Chung 
245 0 |a Dụng cụ đo điện xách tay 
245 0 |c Hoàng Thanh Chung 
260 |a Hà Nội 
260 |b ĐH và THCN 
260 |c 1987 
904 |i Nguyễn Quang Điền, 961230 
980 |a Trung tâm Học liệu Trường Đại học Cần Thơ